Indice general del Memorial de Artillería (Record no. 152982)

MARC details
000 -LEADER
campo de control de longitud fija 00785nam a2200193 i 4500
001 - NÚMERO DE CONTROL
campo de control 152982
003 - IDENTIFICADOR DE NÚMERO DE CONTROL
campo de control ES-MaACL
005 - FECHA Y HORA DE LA ÚLTIMA TRANSACCIÓN
campo de control 20251015063136.0
008 - DATOS DE LONGITUD FIJA--INFORMACIÓN GENERAL
campo de control de longitud fija 010531s1902 sp af |||| | spa d
040 ## - FUENTE DE CATALOGACIÓN
Centro catalogador/agencia de origen CCPB | B
Lengua de catalogación spa
Centro/agencia transcriptor CCPB | B
100 1# - ENTRADA PRINCIPAL--NOMBRE DE PERSONA
Nombre de persona Carrasco y Saiz del Campo, Adolfo,
Fechas asociadas al nombre 1830-1906
9 (RLIN) 35577
245 10 - MENCIÓN DEL TÍTULO
Título Indice general del Memorial de Artillería
Resto del título : desde su fundación en junio de 1844 hasta fin del siglo XIX /
Mención de responsabilidad, etc. por Adolfo Carrasco y Sayz.
260 ## - PUBLICACIÓN, DISTRIBUCIÓN, ETC.
Lugar de publicación, distribución, etc. Madrid :
Nombre del editor, distribuidor, etc. [s.n.],
Fecha de publicación, distribución, etc. 1902 (
Fabricante Cuerpo de Artillería)
300 ## - DESCRIPCIÓN FÍSICA
Extensión 2 v. ;
Dimensiones 23 cm.
597 #1 - NOTA DE DESCRIPCIÓN FÍSICA
NOTA DE DESCRIPCIÓN FÍSICA T. II (532 p., [3] h. de grab.)
650 #4 - PUNTO DE ACCESO ADICIONAL DE MATERIA--TÉRMINO DE MATERIA
Término de materia o nombre geográfico como elemento de entrada Artillería-
Subdivisión de forma Publicaciones periódicas.
9 (RLIN) 135628
852 ## - LOCALIZACIÓN
Ubicación ES-MaACL
Número de control de estantería G-11231 bis y G-11231 bis-bis
Encuadernación -- Edic.: 2 v. -- 1898-1902
Holdings
Estatus retirado Estado de pérdida Estado de daño No para préstamo Biblioteca de origen Biblioteca actual Ubicación en estantería Fecha de adquisición Fuente de adquisición Total de préstamos Signatura topográfica completa Código de barras Visto por última vez Precio de reemplazo Tipo de ítem Koha
        Biblioteca del Ateneo de Madrid Biblioteca del Ateneo de Madrid Sala Pecera Planta 3 17/01/2008     G-11231 bis y G-11231 bis 1159817 23/02/2023 23/02/2023 Libro impreso